00726nam a2200193Ia 4500008004100000020001800041041000800059082001700067100001300084245008500097250001200182260003400194300002800228365001600256700001300272906005400285999001900339952017400358230718s9999 xx 000 0 und d a9789351072546 aeng a345.064bCAS aCasey E. aDigital Evidence And Computer CrimebForensic Science, Computer And The Internet a3rd ed. c2014bAcademic Press/Elsevier a807dRef 1544 C (48698) cRs.b625.00 aCasey E. dO:0408218-Aug-2014B:105013-Aug-2014cCOMPb2812.5 c337852d337852 00104070aCCEPbCCEPd2014-08-18ePradeep Book DistributorsfCOMPg468.75i1050l0o345.064pCCEP-BK-49059r2023-07-18 00:00:00t2812.5v625.00w2014-08-13yBKz049059